Jai yaudheya / (Record no. 144204)

MARC details
000 -LEADER
fixed length control field 00569nam a22001937a 4500
005 - DATE AND TIME OF LATEST TRANSACTION
control field 20170908120953.0
010 ## - LCCN (DPL NO)
LC control number ENG-120364
020 ## - INTERNATIONAL STANDARD BOOK NUMBER
International Standard Book Number 9788122507850
Terms of availability 160.00
035 ## - SYSTEM CONTROL NUMBER
System control number EN-103896
037 ## - SOURCE OF ACQUISITION
Source of stock number/acquisition DBAD/PUB
082 ## - DEWEY DECIMAL CLASSIFICATION NUMBER
Classification number N
100 ## - MAIN ENTRY--PERSONAL NAME
Personal name Sankrityayan,Rahul
245 ## - TITLE STATEMENT
Title Jai yaudheya /
Statement of responsibility, etc by Rahul Sankrityayan ; translated by Pranshu Prakash
260 ## - PUBLICATION, DISTRIBUTION, ETC. (IMPRINT)
Place of publication, distribution, etc New Delhi
Name of publisher, distributor, etc Kitab Mahal
Date of publication, distribution, etc 2016
270 ## - ADDRESS
Address 8,Hari Sadan,(G.F.) 20,Ansari Road Daryaganj
City New Delhi
Postal code 110002
300 ## - PHYSICAL DESCRIPTION
Extent iv,242p.
Dimensions 22cm(pbk)
700 ## - ADDED ENTRY--PERSONAL NAME
Personal name Prakash,Pranshu
942 ## - ADDED ENTRY ELEMENTS (KOHA)
Source of classification or shelving scheme Dewey Decimal Classification
Item type English Books
Classification part N
Call number suffix SAN
Holdings
Withdrawn status Lost status Not for loan Collection code Home library Current library Date acquired Source of acquisition Cost, normal purchase price Full call number Barcode Copy number Cost, replacement price Koha item type
    Not For Loan Non-fiction D.B.Act.Division Bawana 08/09/2017 DBAD/PUB 160.00 N SAN EN-103896 1 160.00 English Books

© Delhi Public Library
Hit Counter
free hit counter